01016nam a22002531 450000100060000000300080000600500170001400800410003103500190007204000320009104100080012308200210013110000310015224500850018326000520026830000310032050400220035165000280037370000540040194200120045599900170046795201380048495201400062216787BD-RjUL20211209000042.0140215s1959 njua 001 0 eng d a(BD-RjUL)16842 aDLCcDLCdDLCdBD-RjULbeng aeng00a796.42bMOT 19591 aMortensen, Jesse P.95183010aTrack and field for coach and athletecby Jesse P. Mortensen and John M. Cooper. aEnglewood Cliffs, N.J. :bPrentice-Hall,c1959. ax,246 p. :billus.c24 cm. aIncludes indexes. 0aTrack and field.9518311 aCooper, John Miller,d1912-ejoint author.951832 2ddccBK c16787d16787 00102ddc40708NFICaRUCLbRUCLcStackd1970-10-16eZeitlingerg74.00l0o796.42 MOT 1959r2014-02-15 00:00:00tC-2w2014-02-15yBK 00102ddc40718NFICaRUCLbRUCLcReadingd1970-10-16ezaitlingerg74.00l0o796.42 MOT 1959r2019-12-01 00:00:00tC-1w2019-12-01yBK